Mujeres y castigo (Registro nro. 159883)
[ vista simple ]
| 000 -LEADER | |
|---|---|
| fixed length control field | 01525ny a22003493n 4500 |
| 008 - FIXED-LENGTH DATA ELEMENTS--GENERAL INFORMATION | |
| fixed length control field | 070423s2007 sp s 000 0 spa c |
| 017 ## - | |
| -- | D.L. SE.919-2007 |
| 020 ## - INTERNATIONAL STANDARD BOOK NUMBER | |
| International Standard Book Number | 8497729617 |
| 035 ## - | |
| -- | 1836 |
| 040 ## - CATALOGING SOURCE | |
| Original cataloging agency | SpMaUCTR |
| Modifying agency | vlex |
| 040 ## - CATALOGING SOURCE | |
| Original cataloging agency | UMA.RE |
| Modifying agency | vlex |
| 080 ## - | |
| -- | 343.81-055.2 |
| 090 ## - | |
| -- | 1408 |
| -- | 1408 |
| 245 00 - TITLE STATEMENT | |
| Title | Mujeres y castigo |
| Medium | [Recurso electrónico] |
| Remainder of title | un enfoque socio-jurídico y de género / |
| Statement of responsibility, etc | Elisabet Alameda Samaranch, Encarna Bodelón González, editoras |
| 256 ## - | |
| -- | Servicio en línea |
| 260 ## - PUBLICATION, DISTRIBUTION, ETC. (IMPRINT) | |
| Place of publication, distribution, etc | Madrid : |
| Name of publisher, distributor, etc | Dykinson, |
| Date of publication, distribution, etc | 2007 |
| 300 ## - PHYSICAL DESCRIPTION | |
| Extent | 295 p. ; |
| Dimensions | 22 cm |
| 504 ## - BIBLIOGRAPHY, ETC. NOTE | |
| Bibliography, etc | Referencias bibliográficas |
| 506 1# - RESTRICTIONS ON ACCESS NOTE | |
| Terms governing access | Contenido solo disponible en los productos indicados |
| Authorized users | vLex Global |
| -- | vLex Global (Academic Edition, excluding Law Schools) |
| -- | vLex Global (U.S. Academic Edition, Law Schools) |
| -- | vLex Global (U.S. Academic Edition, excluding Law Schools) |
| -- | vLex Global (Academic Edition, Law Schools) |
| 650 07 - SUBJECT ADDED ENTRY--TOPICAL TERM | |
| Topical term or geographic name as entry element | Violencia de género |
| Source of heading or term | Tesauro vLex |
| 650 07 - SUBJECT ADDED ENTRY--TOPICAL TERM | |
| Topical term or geographic name as entry element | Seguridad social |
| Source of heading or term | Tesauro vLex |
| 650 07 - SUBJECT ADDED ENTRY--TOPICAL TERM | |
| Topical term or geographic name as entry element | Derechos de la mujer |
| Source of heading or term | Tesauro vLex |
| 650 07 - SUBJECT ADDED ENTRY--TOPICAL TERM | |
| Topical term or geographic name as entry element | Derecho penitenciario |
| Source of heading or term | Tesauro vLex |
| 650 07 - SUBJECT ADDED ENTRY--TOPICAL TERM | |
| Topical term or geographic name as entry element | Establecimientos penitenciarios de mujeres |
| Source of heading or term | Tesauro vLex |
| 700 1# - ADDED ENTRY--PERSONAL NAME | |
| Personal name | Almeda Samaranch, Elisabet, |
| Relator term | ed.lit |
| 700 1# - ADDED ENTRY--PERSONAL NAME | |
| Personal name | Bodelón González, Encarna, |
| Relator term | ed.lit |
| 710 2# - ADDED ENTRY--CORPORATE NAME | |
| Corporate name or jurisdiction name as entry element | Instituto Internacional de Sociología Jurídica (Oñate) |
| 740 0# - | |
| -- | vLex Libros (Servicios en línea) |
| 856 40 - LOCALIZACIÓN Y ACCESO ELECTRÓNICO | |
| Identificador Uniforme del Recurso (URI/URL) | https://app.vlex.com/#/sources/1836 |
| 942 ## - | |
| -- | RAA |
| 999 ## - | |
| -- | 159883 |
| -- | 159883 |
No hay ítems disponibles.